3, Sakina Manzil and Other Plays/ (Record no. 83959)

MARC details
000 -LEADER
fixed length control field 00615nam a22001937a 4500
005 - DATE AND TIME OF LATEST TRANSACTION
control field 20140505124523.0
010 ## - LCCN (DPL NO)
LC control number B-505570
020 ## - INTERNATIONAL STANDARD BOOK NUMBER
International Standard Book Number 9788125045113
Terms of availability 375.00
035 ## - SYSTEM CONTROL NUMBER
System control number B-505570
037 ## - SOURCE OF ACQUISITION
Stock number dpl
Source of stock number/acquisition BSB/Ven
082 ## - DEWEY DECIMAL CLASSIFICATION NUMBER
Classification number 882
100 ## - MAIN ENTRY--PERSONAL NAME
Personal name Ramu, Ramanathan
245 ## - TITLE STATEMENT
Title 3, Sakina Manzil and Other Plays/
Statement of responsibility, etc by Ramu Ramanathan
260 ## - PUBLICATION, DISTRIBUTION, ETC. (IMPRINT)
Place of publication, distribution, etc Hyderabad
Name of publisher, distributor, etc Orient Blackswan
Date of publication, distribution, etc 2012
270 ## - ADDRESS
Address 3-6-752 Himayatnagar,
City Hyderbad
Postal code 500029
300 ## - PHYSICAL DESCRIPTION
Extent 380p.
Dimensions 21cm(pbk)
942 ## - ADDED ENTRY ELEMENTS (KOHA)
Source of classification or shelving scheme Dewey Decimal Classification
Item type English Books
Classification part 882
Call number suffix RAM
Holdings
Withdrawn status Lost status Not for loan Collection code Home library Current library Date acquired Source of acquisition Cost, normal purchase price Full call number Barcode Copy number Cost, replacement price Koha item type Public note
      Non-fiction Sarojini Nagar Sarojini Nagar 05/05/2014 BSB/884/09.03.2013/169/08.03.2013/20.03.2013 375.00 882 RAM B-505570 1 375.00 English Books Legal Case (Register 2018)

© Delhi Public Library
Hit Counter
free hit counter